[Event "Leipzig VfB op 11th"]
[Site "Leipzig"]
[Date "2004.03.21"]
[Round "9"]
[White "Naumann, Peter"]
[Black "Meisel, Dirk"]
[Result "0-1"]
[WhiteElo "1566"]
[BlackElo "1855"]
[PlyCount "74"]
[EventDate "2004.03.16"]
[EventType "swiss"]
[EventRounds "9"]
[EventCountry "GER"]
[SourceTitle "EXT 2007"]
[Source "ChessBase"]
[SourceDate "2006.11.23"]
[SourceVersion "1"]
[SourceVersionDate "2006.11.23"]
[SourceQuality "1"]

1. d4 Nf6 2. c4 e6 3. Nc3 Bb4 4. a3 Bxc3+ 5. bxc3 0-0 6. Bg5 d5 7. e3 Nbd7 8. cxd5 exd5 9. Bd3 c5 10. Nf3 Qa5 11. Qd2 Ne4 12. Bxe4 dxe4 13. Ng1 b6 14. c4 Qa4 15. Qc3 Ba6 16. Rc1 cxd4 17. exd4 Rfc8 18. Qb4 Qxb4+ 19. axb4 Rxc4 20. Rxc4 Bxc4 21. Ne2 a5 22. bxa5 Rxa5 23. Be3 Ra1+ 24. Nc1 b5 25. Kd2 Nb6 26. Kc3 Nd5+ 27. Kb2 Ra4 28. Bd2 f5 29. h4 Kf7 30. Rh3 Bf1 31. Rg3 Rxd4 32. Nb3 Ra4 33. Nc5 Rc4 34. Nd7 Rc7 35. Nb8 Bd3 36. Kb3 Rc2 37. Be3 f4 0-1

[Event "Leipzig VfB op 11th"]
[Site "Leipzig"]
[Date "2004.03.20"]
[Round "8"]
[White "Meisel, Dirk"]
[Black "Bergmann, Hans Dieter"]
[Result "1-0"]
[WhiteElo "1855"]
[BlackElo "1595"]
[PlyCount "51"]
[EventDate "2004.03.16"]
[EventType "swiss"]
[EventRounds "9"]
[EventCountry "GER"]
[SourceTitle "EXT 2007"]
[Source "ChessBase"]
[SourceDate "2006.11.23"]
[SourceVersion "1"]
[SourceVersionDate "2006.11.23"]
[SourceQuality "1"]

1. e4 c5 2. Nf3 d6 3. d4 cxd4 4. Nxd4 Nf6 5. Nc3 g6 6. Be3 Bg7 7. Bc4 0-0 8. f3 Nc6 9. Qd2 Bd7 10. g4 Rc8 11. Be2 Ne5 12. h4 Nc4 13. Bxc4 Rxc4 14. h5 Qb6 15. Nb3 Qc7 16. Bh6 d5 17. 0-0-0 d4 18. Bxg7 dxc3 19. Qh6 cxb2+ 20. Kb1 Rc8 21. hxg6 fxg6 22. Bxf6 exf6 23. Qxh7+ Kf8 24. Rxd7 Qxd7 25. Qxd7 Rxc2 26. Rh8# 1-0

[Event "Leipzig VfB op 11th"]
[Site "Leipzig"]
[Date "2004.03.17"]
[Round "3"]
[White "Meisel, Dirk"]
[Black "Haase, Christian"]
[Result "1-0"]
[WhiteElo "1855"]
[BlackElo "1559"]
[PlyCount "73"]
[EventDate "2004.03.16"]
[EventType "swiss"]
[EventRounds "9"]
[EventCountry "GER"]
[SourceTitle "EXT 2007"]
[Source "ChessBase"]
[SourceDate "2006.11.23"]
[SourceVersion "1"]
[SourceVersionDate "2006.11.23"]
[SourceQuality "1"]

1. e4 d6 2. d4 Nf6 3. Nc3 g6 4. f4 Bg7 5. Nf3 0-0 6. Bd3 Nbd7 7. e5 Ne8 8. Be3 b6 9. Be4 Rb8 10. Qd2 c5 11. Rd1 Ba6 12. a4 c4 13. f5 e6 14. f6 Ndxf6 15. exf6 Nxf6 16. Bc6 d5 17. Bf4 Rc8 18. Bb5 Bb7 19. a5 a6 20. Ba4 b5 21. Bxb5 axb5 22. Nxb5 Ra8 23. Ra1 Bc6 24. Qb4 Nh5 25. Bd6 Bxb5 26. Bxf8 Bxf8 27. Qxb5 Rb8 28. Qa4 Rxb2 29. 0-0 Rb4 30. Qc6 Ng7 31. Ne5 Nf5 32. c3 Rb2 33. Qd7 Qb8 34. Qxf7+ Kh8 35. Nd7 Rxg2+ 36. Kxg2 Ne3+ 37. Kg1 1-0

[Event "CFriend AP-2004-Q-00003 email"]
[Site "Chessfriend.com"]
[Date "2004.02.04"]
[Round "?"]
[White "Helmer, Janos"]
[Black "Meisel, Dirk"]
[Result "1-0"]
[WhiteElo "2293"]
[BlackElo "1770"]
[PlyCount "41"]
[EventDate "2004.??.??"]
[EventType "tourn (corr)"]
[EventRounds "12"]
[SourceTitle "Corr 2008"]
[Source "ChessBase"]
[SourceDate "2008.06.24"]
[SourceVersion "1"]
[SourceVersionDate "2008.06.24"]
[SourceQuality "1"]

1. Nf3 Nf6 2. c4 e6 3. g3 d5 4. Bg2 dxc4 5. Qa4+ c6 6. Qxc4 b5 7. Qc2 Bb7 8. d4 Nbd7 9. 0-0 c5 10. Nc3 a6 11. dxc5 Bxc5 12. a3 Rc8 13. Bg5 Qb6 14. e3 h6 15. Bxf6 Nxf6 16. h3 0-0 17. Rac1 a5 18. Qb3 Nd5 19. Ne2 Bxe3 20. fxe3 Nxe3 21. Kh1 1-0

[Event "CFriend AP-2004-Q-00003 email"]
[Site "Chessfriend.com"]
[Date "2004.02.04"]
[Round "?"]
[White "Meisel, Dirk"]
[Black "Bulgarini Torre, Marco"]
[Result "0-1"]
[WhiteElo "1770"]
[BlackElo "2071"]
[PlyCount "38"]
[EventDate "2004.??.??"]
[EventType "tourn (corr)"]
[EventRounds "12"]
[SourceTitle "Corr 2008"]
[Source "ChessBase"]
[SourceDate "2008.06.24"]
[SourceVersion "1"]
[SourceVersionDate "2008.06.24"]
[SourceQuality "1"]

1. e4 c5 2. Nc3 Nc6 3. g3 h5 4. Nf3 e5 5. d3 d6 6. h3 Nge7 7. Be3 Ng6 8. Bg2 h4 9. Qd2 hxg3 10. fxg3 Nd4 11. 0-0-0 Nxf3 12. Bxf3 Rxh3 13. Rxh3 Bxh3 14. g4 Qf6 15. Be2 Qh4 16. Rh1 Qg3 17. Rg1 Qh4 18. Qe1 Qxe1+ 19. Rxe1 d5 0-1

[Event "CFriend AP-2004-Q-00003 email"]
[Site "Chessfriend.com"]
[Date "2004.02.04"]
[Round "?"]
[White "Meisel, Dirk"]
[Black "Grafen, Denis"]
[Result "0-1"]
[WhiteElo "1770"]
[BlackElo "2323"]
[PlyCount "32"]
[EventDate "2004.??.??"]
[EventType "tourn (corr)"]
[EventRounds "12"]
[SourceTitle "Corr 2008"]
[Source "ChessBase"]
[SourceDate "2008.06.24"]
[SourceVersion "1"]
[SourceVersionDate "2008.06.24"]
[SourceQuality "1"]

1. e4 e5 2. Nf3 Nc6 3. d4 exd4 4. Nxd4 Bc5 5. Nb3 Bb6 6. Nc3 Nf6 7. a4 a6 8. Be2 d6 9. 0-0 Be6 10. Nd5 Nxe4 11. Nxb6 cxb6 12. Nd4 0-0 13. Bf3 d5 14. Nxe6 fxe6 15. Bxe4 dxe4 16. Qg4 Qd5 0-1

[Event "CFriend AP-2004-Q-00003 email"]
[Site "Chessfriend.com"]
[Date "2004.02.04"]
[Round "?"]
[White "Nikel, Bogdan"]
[Black "Meisel, Dirk"]
[Result "1-0"]
[WhiteElo "2255"]
[BlackElo "1770"]
[PlyCount "29"]
[EventDate "2004.??.??"]
[EventType "tourn (corr)"]
[EventRounds "12"]
[SourceTitle "Corr 2008"]
[Source "ChessBase"]
[SourceDate "2008.06.24"]
[SourceVersion "1"]
[SourceVersionDate "2008.06.24"]
[SourceQuality "1"]

1. e4 c6 2. d4 d5 3. e5 Bf5 4. Nf3 e6 5. Be2 c5 6. 0-0 Nc6 7. c3 cxd4 8. cxd4 Nge7 9. a3 Nc8 10. Bg5 Be7 11. Bxe7 N8xe7 12. b4 0-0 13. Nbd2 Rc8 14. Rc1 Ng6 15. Nb3 1-0

[Event "CFriend AH-2003-0-00001 email"]
[Site "Chessfriend.com"]
[Date "2003.04.08"]
[Round "1"]
[White "Meisel, Dirk"]
[Black "Blake, Michael J"]
[Result "0-1"]
[WhiteElo "1830"]
[BlackElo "1705"]
[PlyCount "30"]
[EventDate "2003.??.??"]
[EventType "tourn (corr)"]
[EventRounds "12"]
[SourceTitle "Corr 2008"]
[Source "ChessBase"]
[SourceDate "2008.06.24"]
[SourceVersion "1"]
[SourceVersionDate "2008.06.24"]
[SourceQuality "1"]

1. e4 c6 2. d4 d5 3. e5 Bf5 4. Nc3 e6 5. g4 Bg6 6. Nge2 c5 7. Be3 Nc6 8. dxc5 a6 9. Nd4 h5 10. Nxc6 bxc6 11. Na4 hxg4 12. Nb6 Ra7 13. Qd2 Ne7 14. 0-0-0 Be4 15. Rg1 Bf3 0-1

[Event "CFriend AH-2003-0-00001 email"]
[Site "Chessfriend.com"]
[Date "2003.04.08"]
[Round "1"]
[White "Meisel, Dirk"]
[Black "Rombaldoni, Denis"]
[Result "0-1"]
[WhiteElo "1830"]
[BlackElo "2055"]
[PlyCount "40"]
[EventDate "2003.??.??"]
[EventType "tourn (corr)"]
[EventRounds "12"]
[SourceTitle "Corr 2008"]
[Source "ChessBase"]
[SourceDate "2008.06.24"]
[SourceVersion "1"]
[SourceVersionDate "2008.06.24"]
[SourceQuality "1"]

1. e4 c6 2. d4 d5 3. e5 Bf5 4. Nc3 e6 5. g4 Bg6 6. Nge2 f6 7. Nf4 fxe5 8. Nxg6 hxg6 9. dxe5 Nd7 10. Bf4 Bb4 11. Bd3 Ne7 12. 0-0 Qc7 13. Qe2 0-0-0 14. Na4 d4 15. Bc4 Nd5 16. Bxd5 exd5 17. Bg3 Nf8 18. c3 dxc3 19. bxc3 Be7 20. Rab1 Ne6 0-1

[Event "Leipzig VfB op 10th"]
[Site "Leipzig"]
[Date "2003.03.14"]
[Round "6"]
[White "Mueller, Frank"]
[Black "Meisel, Dirk"]
[Result "1-0"]
[WhiteElo "2107"]
[BlackElo "1826"]
[PlyCount "79"]
[EventDate "2003.03.11"]
[EventType "swiss"]
[EventRounds "9"]
[EventCountry "GER"]
[SourceTitle "EXT 2008"]
[Source "ChessBase"]
[SourceDate "2007.11.25"]
[SourceVersion "1"]
[SourceVersionDate "2007.11.25"]
[SourceQuality "1"]

1. d4 Nf6 2. Nf3 d5 3. c4 c6 4. e3 Bf5 5. Nc3 e6 6. Nh4 Bg6 7. Nxg6 hxg6 8. Qb3 Qc7 9. Bd2 Nbd7 10. cxd5 exd5 11. g3 Bd6 12. Bg2 Kf8 13. Rc1 Qb6 14. Qc2 Re8 15. 0-0 Ng4 16. h3 Ngf6 17. Na4 Qd8 18. Qb3 Qb8 19. Bb4 Bxb4 20. Qxb4+ Kg8 21. Nc5 Nxc5 22. dxc5 Rh5 23. a4 Rhe5 24. Rc2 Ne4 25. Qd4 R5e7 26. b4 Qe5 27. Qxe5 Rxe5 28. b5 Rc8 29. Rb1 cxb5 30. Rxb5 Rc7 31. a5 Re6 32. Rcb2 Rec6 33. Rxb7 Rxc5 34. a6 Rc2 35. Rxc2 Rxc2 36. Rxa7 Rc1+ 37. Kh2 Rc8 38. Bxe4 dxe4 39. Rb7 Rc2 40. a7 1-0

[Event "Leipzig VfB op 10th"]
[Site "Leipzig"]
[Date "2003.03.13"]
[Round "4"]
[White "Costello, Colin"]
[Black "Meisel, Dirk"]
[Result "1/2-1/2"]
[WhiteElo "2073"]
[BlackElo "1826"]
[PlyCount "59"]
[EventDate "2003.03.11"]
[EventType "swiss"]
[EventRounds "9"]
[EventCountry "GER"]
[SourceTitle "EXT 2008"]
[Source "ChessBase"]
[SourceDate "2007.11.25"]
[SourceVersion "1"]
[SourceVersionDate "2007.11.25"]
[SourceQuality "1"]

1. c4 Nf6 2. g3 d6 3. Bg2 g6 4. Nc3 Bg7 5. Nf3 0-0 6. 0-0 e5 7. d3 c6 8. Rb1 a5 9. a3 Na6 10. b4 axb4 11. axb4 Bd7 12. b5 Nc5 13. Bb2 Ra5 14. d4 exd4 15. Nxd4 Qc7 16. Nb3 Nxb3 17. Qxb3 Rfa8 18. Rfd1 Be6 19. Qb4 Bf8 20. Ne4 Ne8 21. b6 Qb8 22. Qd2 d5 23. cxd5 Bxd5 24. Qe3 Bxe4 25. Qxe4 Rb5 26. Rd7 Rxb2 27. Rxb2 Nf6 28. Qd3 Nxd7 29. Qxd7 Qd8 30. Qxd8 1/2-1/2

[Event "Leipzig VfB op 10th"]
[Site "Leipzig"]
[Date "2003.03.12"]
[Round "2"]
[White "Meisel, Dirk"]
[Black "Zschiedrich, Heiko"]
[Result "0-1"]
[WhiteElo "1826"]
[BlackElo "2160"]
[PlyCount "122"]
[EventDate "2003.03.11"]
[EventType "swiss"]
[EventRounds "9"]
[EventCountry "GER"]
[SourceTitle "EXT 2008"]
[Source "ChessBase"]
[SourceDate "2007.11.25"]
[SourceVersion "1"]
[SourceVersionDate "2007.11.25"]
[SourceQuality "1"]

1. e4 e6 2. d4 d5 3. Nc3 Nf6 4. Bg5 Be7 5. Bxf6 Bxf6 6. exd5 exd5 7. Bb5+ c6 8. Be2 Qb6 9. Nf3 Qxb2 10. Na4 Qa3 11. Nc5 Qc3+ 12. Kf1 b6 13. Nb3 0-0 14. Qd2 Qxd2 15. Nbxd2 Bf5 16. Rc1 c5 17. dxc5 bxc5 18. Bd3 Bxd3+ 19. cxd3 Nd7 20. Nb3 Rac8 21. Nfd2 Rc7 22. f4 Rfc8 23. Nf3 c4 24. dxc4 Rxc4 25. Kf2 Rc2+ 26. Kg3 g6 27. Rhd1 Nb6 28. Rxc2 Rxc2 29. Rd2 Rxd2 30. Nfxd2 Kf8 31. Kf3 Ke7 32. Ke2 Kd6 33. Kd3 Na4 34. Nf1 Nc3 35. a3 Nb5 36. a4 Nc3 37. a5 Na2 38. Ne3 Nb4+ 39. Kd2 Nc6 40. Kd3 Bd8 41. f5 Nxa5 42. Nd4 a6 43. fxg6 fxg6 44. Nec2 Bf6 45. Nf3 Nc6 46. Nd2 Ne5+ 47. Ke2 a5 48. h3 a4 49. Nb1 Nc4 50. Kd3 Kc5 51. g3 Bb2 52. g4 d4 53. h4 a3 54. Nbxa3 Nxa3 55. Ne1 Kd5 56. Nf3 h6 57. h5 g5 58. Nxg5 hxg5 59. h6 Nc4 60. h7 Ne5+ 61. Kc2 Nf7 0-1

[Event "Leipzig VfB op 10th"]
[Site "Leipzig"]
[Date "2003.03.12"]
[Round "3"]
[White "Wueller, Moritz"]
[Black "Meisel, Dirk"]
[Result "0-1"]
[WhiteElo "1276"]
[BlackElo "1826"]
[PlyCount "92"]
[EventDate "2003.03.11"]
[EventType "swiss"]
[EventRounds "9"]
[EventCountry "GER"]
[SourceTitle "EXT 2008"]
[Source "ChessBase"]
[SourceDate "2007.11.25"]
[SourceVersion "1"]
[SourceVersionDate "2007.11.25"]
[SourceQuality "1"]

1. e4 d5 2. exd5 Qxd5 3. Nc3 Qa5 4. Nf3 Nf6 5. Bc4 Bg4 6. 0-0 e6 7. Re1 Be7 8. d4 c6 9. Bf4 Qf5 10. Bg3 Bxf3 11. gxf3 Nbd7 12. Qe2 Nb6 13. Bd3 Qh5 14. Kg2 Rd8 15. Rad1 0-0 16. Ne4 Rxd4 17. Nxf6+ Bxf6 18. c3 Rd7 19. Be4 Rfd8 20. Rxd7 Rxd7 21. Rd1 Rxd1 22. Qxd1 Qc5 23. Qd3 g6 24. Bd6 Qg5+ 25. Bg3 h5 26. h4 Qc5 27. Bd6 Qc4 28. Bxg6 Qxd3 29. Bxd3 Bxh4 30. Bb8 a6 31. Bc7 Na4 32. b3 Nxc3 33. a3 Nb5 34. Bxb5 axb5 35. Bb6 Be7 36. a4 bxa4 37. bxa4 Kg7 38. Kh3 Kg6 39. Be3 Kf5 40. Bd2 c5 41. a5 c4 42. Bc1 c3 43. Kg2 Bg5 44. Ba3 c2 45. Bb2 c1Q 46. Bxc1 Bxc1 0-1

[Event "Leipzig VfB op 09th"]
[Site "Leipzig"]
[Date "2002.03.09"]
[Round "8"]
[White "Liepe, Sebastian"]
[Black "Meisel, Dirk"]
[Result "1-0"]
[WhiteElo "1398"]
[BlackElo "1808"]
[PlyCount "51"]
[EventDate "2002.03.05"]
[EventType "swiss"]
[EventRounds "9"]
[EventCountry "GER"]
[SourceTitle "EXT 2007"]
[Source "ChessBase"]
[SourceDate "2006.11.23"]
[SourceVersion "1"]
[SourceVersionDate "2006.11.23"]
[SourceQuality "1"]

1. Nc3 Nf6 2. e4 d6 3. d4 g6 4. Bf4 Bg7 5. Qd2 0-0 6. Bh6 c6 7. Bxg7 Kxg7 8. Bd3 b5 9. Nf3 b4 10. Ne2 a5 11. 0-0 Ba6 12. Ng3 e6 13. Rad1 Bxd3 14. Qxd3 Nbd7 15. e5 dxe5 16. dxe5 Nd5 17. Qc4 Qc7 18. Rfe1 Rfb8 19. Re4 Rb5 20. Rh4 Rh8 21. Qg4 Ne7 22. Qg5 Nf5 23. Nxf5+ exf5 24. e6 Ne5 25. Nd4 Rb7 26. Nxf5+ 1-0

[Event "Leipzig VfB op 09th"]
[Site "Leipzig"]
[Date "2002.03.09"]
[Round "7"]
[White "Meisel, Dirk"]
[Black "Hartmann, Falk"]
[Result "0-1"]
[WhiteElo "1808"]
[BlackElo "1901"]
[PlyCount "52"]
[EventDate "2002.03.05"]
[EventType "swiss"]
[EventRounds "9"]
[EventCountry "GER"]
[SourceTitle "EXT 2007"]
[Source "ChessBase"]
[SourceDate "2006.11.23"]
[SourceVersion "1"]
[SourceVersionDate "2006.11.23"]
[SourceQuality "1"]

1. e4 c5 2. Nf3 d6 3. d4 cxd4 4. Nxd4 a6 5. c4 b6 6. Be3 Bb7 7. Nc3 Nd7 8. Be2 Ngf6 9. f3 e6 10. 0-0 Be7 11. Qe1 Rc8 12. Rc1 0-0 13. Qf2 Re8 14. Rfd1 d5 15. exd5 exd5 16. Nf5 Bf8 17. Kh1 dxc4 18. Nd6 Bxd6 19. Rxd6 Qe7 20. Bf4 b5 21. a3 Nc5 22. Rcd1 Ne6 23. Be5 Rcd8 24. Qb6 Bc8 25. Bxf6 Rxd6 26. Bxe7 Rxb6 0-1

[Event "Leipzig VfB op 09th"]
[Site "Leipzig"]
[Date "2002.03.07"]
[Round "4"]
[White "Meisel, Dirk"]
[Black "Ziese, Gerhard"]
[Result "0-1"]
[WhiteElo "1808"]
[BlackElo "2142"]
[PlyCount "80"]
[EventDate "2002.03.05"]
[EventType "swiss"]
[EventRounds "9"]
[EventCountry "GER"]
[SourceTitle "EXT 2007"]
[Source "ChessBase"]
[SourceDate "2006.11.23"]
[SourceVersion "1"]
[SourceVersionDate "2006.11.23"]
[SourceQuality "1"]

1. e4 e5 2. Nf3 Nc6 3. d4 exd4 4. Nxd4 Bc5 5. Nb3 Bb6 6. Be2 d6 7. Nc3 a6 8. 0-0 h6 9. Nd5 Ba7 10. Be3 Bxe3 11. Nxe3 Nf6 12. Bd3 0-0 13. Qe2 Re8 14. f3 Bd7 15. c3 Ne5 16. Rad1 Qb8 17. Nd4 Qa7 18. Kh1 g6 19. Bb1 Kg7 20. Rde1 Rad8 21. Qf2 c5 22. Nb3 Bb5 23. Rg1 Qb8 24. Rd1 Qc8 25. Rd2 Nc4 26. Nxc4 Bxc4 27. Rgd1 Qc7 28. Nc1 Be6 29. Ne2 d5 30. exd5 Rxd5 31. Ng3 Rxd2 32. Qxd2 Bd5 33. a3 Qe5 34. Kg1 h5 35. Kf2 h4 36. Nf1 h3 37. g3 Bc6 38. Ne3 Qh5 39. Ng4 Nxg4+ 40. fxg4 Qxg4 0-1

[Event "Leipzig VfB op 09th"]
[Site "Leipzig"]
[Date "2002.03.07"]
[Round "5"]
[White "Naumann, Peter"]
[Black "Meisel, Dirk"]
[Result "0-1"]
[WhiteElo "1602"]
[BlackElo "1808"]
[PlyCount "80"]
[EventDate "2002.03.05"]
[EventType "swiss"]
[EventRounds "9"]
[EventCountry "GER"]
[SourceTitle "EXT 2007"]
[Source "ChessBase"]
[SourceDate "2006.11.23"]
[SourceVersion "1"]
[SourceVersionDate "2006.11.23"]
[SourceQuality "1"]

1. d4 Nf6 2. c4 e6 3. Nc3 Bb4 4. Nf3 0-0 5. Bg5 h6 6. Bh4 c5 7. d5 exd5 8. cxd5 d6 9. Qb3 Nbd7 10. a3 Bxc3+ 11. bxc3 b5 12. e3 Qa5 13. Rc1 a6 14. Be2 Bb7 15. 0-0 Bxd5 16. Qb2 Be6 17. Nd2 c4 18. e4 d5 19. exd5 Bxd5 20. Rfd1 Rfe8 21. Nf3 Be4 22. Nd4 g5 23. Bg3 Nc5 24. f3 Bd3 25. Rd2 Bxe2 26. Rxe2 Nd3 27. Qa1 Nxc1 28. Qxc1 Rxe2 29. Nxe2 Re8 30. Nd4 Nd5 31. Be1 Nf4 32. Bd2 Nd3 33. Qa1 Qb6 34. Kf1 Qf6 35. h3 Qe5 36. Kg1 Nf4 37. Nc6 Qe2 38. Bxf4 gxf4 39. Nd4 Qd2 40. Qf1 Re1 0-1

[Event "Leipzig VfB op 09th"]
[Site "Leipzig"]
[Date "2002.03.06"]
[Round "3"]
[White "Schmiedek, Jens"]
[Black "Meisel, Dirk"]
[Result "0-1"]
[WhiteElo "1456"]
[BlackElo "1808"]
[PlyCount "116"]
[EventDate "2002.03.05"]
[EventType "swiss"]
[EventRounds "9"]
[EventCountry "GER"]
[SourceTitle "EXT 2007"]
[Source "ChessBase"]
[SourceDate "2006.11.23"]
[SourceVersion "1"]
[SourceVersionDate "2006.11.23"]
[SourceQuality "1"]

1. e4 c5 2. Nf3 Nc6 3. c3 d5 4. exd5 Qxd5 5. c4 Qd8 6. Nc3 Bg4 7. Be2 Nf6 8. 0-0 e6 9. Re1 Be7 10. d3 0-0 11. Be3 Qc8 12. Nd2 Bxe2 13. Qxe2 Rd8 14. Nde4 Nd4 15. Bxd4 Rxd4 16. Rad1 a6 17. Nxf6+ Bxf6 18. Qf3 Qc7 19. Re4 Rad8 20. Rxd4 Bxd4 21. g3 Rd7 22. Rd2 Qa5 23. Rc2 g6 24. Qe2 Qd8 25. Ne4 b6 26. b3 Kg7 27. Kf1 Qc7 28. Ng5 h5 29. Qf3 Qe5 30. Ne4 h4 31. Re2 Qf5 32. Qxf5 exf5 33. Ng5 hxg3 34. hxg3 Bc3 35. Kg2 Rxd3 36. Re3 Rxe3 37. fxe3 Kf6 38. Nh3 g5 39. Nf2 Bb2 40. Kf3 Be5 41. Nd3 Ke6 42. g4 fxg4+ 43. Kxg4 f6 44. e4 Bd4 45. a4 Kd6 46. Kf5 Kc6 47. Ne1 b5 48. axb5+ axb5 49. Nf3 bxc4 50. bxc4 Kb6 51. Ke6 g4 52. Nh4 g3 53. Kd5 Ka5 54. Ng2 Kb4 55. Nh4 Kc3 56. Ng2 Kd2 57. Nh4 Ke2 58. Nf5 g2 0-1